Gaming Quiz

Random Gaming or Quote Quiz

Video Game Quotes Quiz Stats

 Plays Quiz not verified by Sporcle

Score 0/16 Timer 10:00
0 Plays Today
Quote Game % Correct
'The cake is a lie.'Portal
81.6%
'Do a barrel roll!'Starfox 64
79.4%
'Fatality. Muhahaha.'Mortal Kombat
78.1%
'It's dangerous to go alone. Take this.'The Legend of Zelda
68.1%
'Hey! Listen!'The Legend of Zelda:Ocarina of Time
65.2%
'You have died of dysentery'Oregon Trail
57.7%
'Hello there America, it's me your President, John Henry Eden'Fallout 3
42.9%
'Stop! You have violated the law! Pay the court a fine or serve your sentence! Your stolen goods are now forfeit!Elder Scrolls IV: Oblivion
42.3%
Quote Game % Correct
'Shine get!'Super Mario Sunshine
40%
'You spoony bard!'Final Fantasy IV
39.7%
'I like shorts! They're comfy and easy to wear!'Pokemon Red and Blue Version
38.4%
'Tank beats ghost. Tank beats hunter. Tank beats everything.'Halo 3
25.2%
'History is written by the victors. And here I am thinking we won.'Call of Duty: Modern Warfare 2
16.1%
'You got boost power!'F-Zero GX
11.9%
'Trouble with the trolley, eh?'Spyro: Ripto's Rage
3.9%
'It's a new lap record!'Star Wars Pod Racer
2.3%

You're not logged in!

Compare scores with friends on all Sporcle quizzes.
OR
Log In

Show Comments

Extras

Top Quizzes Today


Score Distribution

Your Account Isn't Verified!

In order to create a playlist on Sporcle, you need to verify the email address you used during registration. Go to your Sporcle Settings to finish the process.

Report this User

Report this user for behavior that violates our Community Guidelines.

Details: